OXIDATIVE DAMAGE PRODUCTS AND NUTRITION

Bibliographic Details
Main Authors: Valachovičová, Martina, 1977- (Author), Babinská, Katarína, 1962- (Author), Pauková, Viera, 1967- (Author), Krajčovičová-Kudláčková, Marica (Author)
Format: Article
Language:Slovak
English

MARC

LEADER 00000nab a2200000 a 4500
001 vtls010724744
003 SK-MaSNL
005 20260304191602.0
008 250709s2010 xo |||||||||||||||||slo|
035 |a (urnnbn)urn:nbn:sk:snk:ar-a04vpx 
035 |a (uuid)9e1d5ffe-7e8f-4744-95d4-ce634bc7f584 
035 |a urn:nbn:sk:snk-ab3otr 
040 |a SNKBUCL  |b slo  |c SNKBUCL  |e AACR2 
041 0 |a eng 
044 |a xo  |c SK 
100 1 |a Valachovičová, Martina,  |d 1977-  |4 aut  |9 21953 
245 1 0 |a OXIDATIVE DAMAGE PRODUCTS AND NUTRITION  |c M. Valachovičová, K. Babinská, V. Pauková, M. Krajčovičová-Kudláčková 
700 1 |a Babinská, Katarína,  |d 1962-  |4 aut  |9 197023 
700 1 |a Pauková, Viera,  |d 1967-  |4 aut  |9 21946 
700 1 |a Krajčovičová-Kudláčková, Marica  |4 aut  |9 9476 
773 0 |t Medicina militaris Slovaca : odborný časopis zdravotníckej služby Armády Slovenskej republiky  |g Roč. 12, č. 1 (2010), s. 12-15 
850 |a Slovenská národná knižnica 
852 |a Slovenská národná knižnica 
958 |a article1 
958 |a OND 
958 |a EUIPO 
999 |c 3055331  |d 3057261